000 00969cam a22002891 4500
001 6559806
003 ASAB
005 20180827062658.0
008 800623s1960 enka 000 0 eng
015 _aGB60-12630
020 _a81-7622-059-0
035 _a(OCoLC)6449834
040 _aDLC
_cASAB
_dUk
_dDLC
042 _apremarc
050 0 0 _aSB857
_b.W5 1960
082 _a635.92
100 1 _aWilson, G. Fox
_q(George Fox),
_d1896-1951.
_92140
245 1 0 _aHorticultural pests:
_bdetection and control.
250 _aNew [i.e. 3d] ed.
_brev. by P. Becker.
260 _aLondon,
_bC. Lockwood, [stamped: distributed by Sportshelf, New Rochelle, N.Y.]
_c1960.
300 _a240 p.
_billus.
_c23 cm.
490 0 _aAgricultural and horticultural series
500 _aFirst ed. published in 1947 under title: The detection and control of garden pests.
650 0 _aGarden pests.
_92141
906 _a7
_bcbc
_coclcrpl
_du
_encip
_f19
_gy-gencatlg
942 _2ddc
_cBK
999 _c480235
_d480235